| 000 | 00568nam a22001457a 4500 | ||
|---|---|---|---|
| 005 | 20241217100437.0 | ||
| 008 | 241002b |||||||| |||| 00| 0 eng d | ||
| 082 | _2DPer050 M72 January-March 2018 v. 66 no. 8-10 | ||
| 100 |
_aNoveras, Ferdinand E. _eauthor. _961968 |
||
| 245 |
_aPhilippines Informal reading inventory : _bFilipino 4 / _cFerdinand E. Noveras. |
||
| 260 |
_aPhilippines; _bPublishers Association of the Philippines, Inc., _cNovember 2018. |
||
| 300 | _aVolume 66, pages 2236-237. | ||
| 700 |
_aNoveras, Ferdinand E. _eauthor. _961969 |
||
| 942 |
_2ddc _cPER |
||
| 999 |
_c22086 _d22086 |
||